LEADER 01009nam a2200229 u 4500 001 000000119860 003 CaOOAMICUS 005 20100210115007.0 008 100210s1955 ua abhf u000 u fre r 040 $aPUL$bita$dMCT 245 04$aLes grandes decouvertes archeologiques de 1954. 260 $aLe Caire :$b[s.n.],$cc1955. 300 $aXVIII, 154 p., [10] p. di tav. :$bill., c. geogr., facsim. ;$c24 cm 500 $aNumero speciale de "La revue du Caire", vol. XXXIII, n. 175. 504 $aBibliografia in nota. 650 4$aArcheologia$zEgitto$xStoria.$0(OLS)http://pul/subject/26955 651 4$aEgitto$xArte$xArcheologia.$0(OLS)http://pul/subject/36307 850 $aPUL 852 $aPUL$W1$xDP1 Cons. Gen., Altre Classi 1$y22$m139 B 31$j137501$qStampati$B136599$CPULBib$Z2$F136599 $H25958 $82 941 1 $a8 996 $6245$aLes grandes decouvertes archeologiques de 1954$9(OLS)http://pul/title/150808 996 $6260$aLe Caire :$b[s.n.]$9(OLS)http://pul/publisher/61293 LEADER 01895nam a2200385 a 4500 001 000000122552 003 CaOOAMICUS 005 20100721104927.0 008 100721t2010 cv u100 u ita r 020 $a978-88-209-8390-1 040 $aPUL$bita$dReb 082 04$a372.7 245 00$aDidattica delle scienze :$btemi, esperienze, prospettive /$ca cura di Cristián Desbouts e Mauro Mantovani . 260 $aCittà del Vaticano :$bLibreria editrice vaticana,$c©2010. 300 $a360 p. ;$c24 cm 490 1 $aSTOQ project research series ;$v09 500 $aSul front.: Pontifical Consiglio della Cultura ; Università Pontificia Salesiana. 504 $aBibliografia in nota. 650 4$aReligione e scienza.$0(OLS)http://pul/subject/147 650 4$aEducazione$xAspetti morali e religiosi.$0(OLS)http://pul/subject/651 700 1 $aDesbouts, Cristián.$0(OLS)http://pul/name/76947 700 1 $aMantovani, Mauro,$cS.D.B.,$d1966-$0(OLS)http://pul/name/34820 710 2 $aPontificia Università Salesiana.$0(OLS)http://pul/name/7805 710 2 $aPontificio consiglio della cultura.$0(OLS)http://pul/name/49095 830 0$aSTOQ project research series ;$v09.$0(OLS)http://pul/title/143449 850 $aPUL 852 $aPUL$W1$xSL Diritto e Scienze Sociali 3$y79$m372. 7 DESCR 1$j140752$qDDC 21$B139840$CPULBib$Z2$F139840 $H114161 $82 910 $aPontificio Ateneo Salesiano$97805 910 $aPontificio Ateneo Salesiano$97805 910 $aUniversità Pontificia Salesiana$97805 941 1 $a9 996 $6020$a978-88-209-8390-1$9(OLS)http://pul/number/144951 996 $6082$a372.7$9(OLS)http://pul/classification/635 996 $6245$aDidattica delle scienze :$btemi, esperienze, prospettive$9(OLS)http://pul/title/154426 996 $6260$aCittà del Vaticano :$bLibreria editrice vaticana$9(OLS)http://pul/publisher/47920